000 00557nam a2200181Ia 4500
005 20260415160341.0
008 008 250505s9999 xx 000 0 eng d
037 _aTextual
040 _aFEDL
_beng
_cFEDL
041 _aeng
_2eng
084 _a371.73 LEE
_qFEDL
100 _aLee Mabel
_9608986
245 0 _aConduct of physical education : Its organization and administration
260 _aNew York, USA
_bA S Barnes and Company
_c1937
300 _axxiii,561p.
942 _cTEXL
_h371.73 LEE
999 _c1321986
_d1321986